000 01387nam a2200313 i 4500
003 EG-GICUC
005 20260428072319.0
008 260428s1847 fr |||fr|||| 00| 0 fre d
040 _aEG-GiCUC
_bfre
_cEG-GiCUC
_dEG-GiCUC
_eRda
041 _afre
082 0 4 _221
_a343.1
_bAI . J
092 0 4 _221
099 _aLaw1 10 343.1 AI . J 1847
100 1 _aDalloz, Victor Alexis Désiré,
_d1795-1869.
_eAuteur
245 1 0 _aJurisprudence générale :
_bépertoire méthodique et alphabétique de législation, de doctrine et de jurisprudence en matière de droit civil, commercial, criminel, administratif, de droit des gens et de droit public /
_cpar D. Dalloz, ainé, et par Armand Dalloz avec la collaboration de plusieurs jurisconsultes,
_nTome Huitieme.
250 _aNouv. éd., considérablement augm. et précédée d'un essai sur l'histoire générale du droit français.
264 1 _aParis :
_bBureau de la jurisprudence générale,
_c1847.
300 _a574 page :
_c 24 cm.
336 _2rda contenu
_a texte
337 _2rda medias
_aOrdinateur
338 _2 transporteur rda
_a Ressource en ligne
546 _aTexte en français
650 1 4 _aDroit pénal général
_2qrmak
651 1 _2qrmak
700 1 _aDalloz, Armand,
_d1797-1867.
_eCo-Auteur
856 4 0 _uhttps://fll.law.cu.edu.eg/fulltext/bks/B10-11672.pdf
905 _a161
942 _2ddc
_cBK
_e21
_n0
999 _c73739
_d73739